000 01128cam a22003497a 4500
003 CHAP
005 20220817043127.0
008 971013s1987 r 00010 d
010 _a66364
011 _a67336
035 _a76806
040 _cCHAP
082 _a338.14
_bF46
110 _aFAO
245 0 _aEconomic cooperation among developing countries in agricultural trade
260 _aRome :
_bFAO,
_c1987
300 _a207 p.
410 _aFAO
490 0 _aDesarrollo económico y social
_v; 70
590 _aBATCH-UPD
_b10
_c20130110
_lUCH01
_h1906
590 _aBATCH-UPD
_b10
_c20130410
_lUCH01
_h1233
590 _aBATCH-UPD
_b10
_c20130914
_lUCH01
_h1048
590 _aCONVERSION
_b10
_c20130109
_lUCH01
_h1337
650 1 4 _aCooperación agrícola internacional.
_927767
650 1 4 _aProductos agrícolas
_xMercadeo
_xPaíses subdesarrollados.
_991985
650 1 4 _aProductos pecuarios
_xMercadeo
_xPaises subdesarrollados.
_992187
810 0 _aFAO
830 0 0 _aDesarrollo económico y social
_v; 70
_932058
901 _aBK
942 _cLIBRO
949 _a338.14 F46
_bBC
_cFAO
_d-29663
_eFAO1
_h73389
_i76806
_si
999 _c66364
_d66364